Quizzes
Events
Quiz Creation
Community
Videos
Private Events
Remove Ads
Sign In
Join for FREE
Feedback
Dark Mode
Quiz Categories
Sports
Geography
Music
Movies
Television
Just For Fun
Miscellaneous
History
Literature
Language
Science
Gaming
Entertainment
Religion
Holiday
For Kids
Quiz Lab
Recent
Popular Today
Quiz Kudos Today
Editor Picks
Curator Picks
Quizzes by...
Day
Popularity
Type
Ratings
Length
Year
Community
Subscriptions
Recent Discussions
Orange Saloon
Badges
Playlists
Quests
Create
Leaderboards
Showdown
Live 5
Trivia Bingo
Activity
Puzzle Library
Sporcle Events
Private Events
Virtual Trivia
Globe League
Become a Host
Pub Owners
SporcleCon
Opinionation
Our Games
Videos
Blog
Mobile Apps
Partnerships
Remove Ads and Go Orange
Feedback
Movies
Disney
Marvel Cinematic Universe
Movie Resume
Movie Titles
Oscar
Actor
Actress
Director
Pixar
Role
Movie Quotes
Movie Characters
Box Office
Nominee
Best Picture
Star Wars
James Bond
Horror Movies
Movies
Disney
Marvel Cinematic Universe
Movie Resume
Movie Titles
Oscar
Actor
Actress
Director
Pixar
Role
Movie Quotes
Movie Characters
Box Office
Nominee
Best Picture
Star Wars
James Bond
Horror Movies
Random Quiz
Search Sporcle
×
Quiz Lab
Quiz Lab
Movies
Disney
Type in answers that appear in a list
Type in answers that appear in a list
Classic
Best Score? Go Orange.
Disney Celebrity Voices Stats
Can you name the character each celebrity voiced in these Disney/Pixar films?
By
mariapiscitelli5
7m
40 Questions
470 Plays
470 Plays
470 Plays
Comments
Comments
Give Quiz Kudos
Give Quiz Kudos
-
- Ratings
hide this ad
Forced Order
Answers have to be entered in order
Answers have to be entered in order
Random Order
Randomize order of answers
Randomize order of answers
Replay
Link that replays current quiz
Next Quiz
Link to next quiz in quiz playlist
You Got
0%
They Got
Avg Score
62%
Avg Friend Score
Upgrade to see
Score Distribution
Jump to the score distribution portion of the page
Score
0/40
Timer
07:00
0
Plays Today
Actor
Character
% Correct
Tom Hanks
Woody
86.1%
Tim Allen
Buzz Lightyear
84%
Robin Williams
Genie
83.8%
Ellen Degeneres
Dory
82.3%
Jeremy Irons
Scar
82.1%
Jodi Benson
Ariel
80.4%
Mandy Moore
Rapunzel
80.4%
Billy Crystal
Mike Wazowski
79.1%
Angela Lansbury
Mrs. Potts
77.6%
Eddie Murphy
Mushu
77.4%
Mel Gibson
Captain John Smith
77.4%
Owen Wilson
Lightning McQueen
74.8%
Demi Moore
Esmeralda
74.2%
Danny DeVito
Philoctetes
70.8%
Samuel L. Jackson
Frozone
70.8%
Whoopi Goldberg
Shenzi
67.8%
Michael Keaton
Ken
67.2%
Steve Buscemi
Randall Boggs
66.5%
Jodi Benson
Barbie
64.8%
Kurt Russell
Copper
62.9%
Actor
Character
% Correct
John Goodman
Pacha
61.8%
Kevin Spacey
Hopper
61.4%
Billy Joel
Dodger
60.1%
Michael J. Fox
Milo Thatch
59.9%
Mindy Kaling
Disgust
58.6%
Christian Bale
Thomas
56.7%
Miley Cyrus
Penny
56.1%
Bob Newhart
Bernard
55.7%
Alan Tudyk
Duke of Weselton
51.6%
Joaquin Phoenix
Kenai
50.7%
Joseph Gordon-
Levitt
Jim Hawkins
50.1%
Emma Thompson
Queen Elinor
49.7%
Glenn Close
Kala
49.7%
Christopher Plummer
Charles F. Muntz
48.8%
Jason Scott Lee
David Kawena
43.5%
John Goodman
Eli 'Big Daddy' La Bouff
43.1%
Emma Thompson
Captain Amelia
37.1%
Michael Caine
Finn McMissile
33.7%
Peter O'Toole
Anton Ego
29.9%
Don Knotts
Mayor Turkey Lurkey
24.1%
Quiz Playlist
Details
Report
Send in Message
Add To Playlist
Classic:
Type in answers that appear in a list
Forced Order:
Answers have to be entered in order
Random Order:
Randomize order of answers
Last Updated: Oct 22, 2018
Quiz Scoreboard
CHALLENGE
Sign Up to Join the Scoreboard
Show All
Scores
Hide
Comments
May contain spoilers
Recently Published
An Introduction to Baseball
by treessimontrees
Sports
5m
Movies - When Are They Set?
by FPL_Elf
Movies
5m
Popular People in 1961
by mucciniale
History
6m
More to Explore
Quiz From the Vault
Featured Blog Post
Where Did the Easter Bunny Come From?
hide this ad
You Might Also Like...
Tags
Actor Quiz
Actress Quiz
Celebrity Quiz
Disney Quiz
Movie Characters Quiz
Animated Movie
Disney Films
Famous People
Voice Actors
Walt Disney
Today's Top Quizzes in Movies
Browse Movies
hide this ad
Today's Top Quizzes in Disney
Browse Disney
Top Contributed Quizzes in Movies
1
Pick 5 Posters: Directed by Spielberg
2
Pick 5 Posters: Lowest-Rated Spielberg
3
Multi-Oscar Nominations, One Movie, One Winner
4
7-to-1: Pixar Characters
5
12 Movies about Fictional 1960s Events
6
One Thing in Common: Movies
7
Pick 5 Posters: Directed by Scorsese
8
Sunday Crossword: Film Score Composers
9
Pick 5 Posters: Star & Director
10
Sorting Actors
Explore More
Trending Topics
Disney
Marvel
NBA
Harry Potter
Kpop
Anime
Crossword
Soccer
WWE
Song
Pokémon
Country
The Office
Puzzle
NFL
hide this ad
More By:
mariapiscitelli5
Quiz
Plays
Rating
Category
Featured
Created
Clickable Disney Pairs
63,566
4.70
Movies
Mar 23, 2016
One-Word Disney Movies Named After Characters
52,126
4.70
Movies
Sep 23, 2015
Disney Couple's First Meeting
46,977
4.66
Movies
Jul 21, 2017
One Hint Disney
43,189
4.52
Movies
Jul 25, 2017
Disney Character Ambitions
30,705
4.64
Movies
Jun 17, 2019
Go to Creator's Profile
Score Distribution
Quiz Creator Spotlight
mariapiscitelli5
Follow
Send a Message
Quizzes Created
-
Created Quiz Play Count
-
More By This Creator
Popular Quizzes Today
1
Find the Countries of Europe - No Outlines Minefield
2
Find the US States - No Outlines Minefield
3
The Countries of the World
4
Popular People in 1961
5
US States
6
Find the US States
7
1-10 Letter E Words III
8
Risky Map Clicking: Biggest States A-Z
More Movies Quizzes
50 Flicks to Click (2005)
Published
Trending Quizzes
Risky Map Clicking: Least Populous States A-Z
1-10 Letter F Words
1-10 Letter G Words
Not Quite an Element Typing Challenge
One Thing in Common: United Kingdom
Recently Updated
Leaping Animals
pecheneg
Reality TV Shows (A-Z)
bhenderson79
Rickey Henderson's Hall of Fame Teammates
pecheneg
Champions League XIs: Arsenal
pecheneg
Quick Pick: Celebrities in WWE's Hall of Fame
aduchscher
A-Z Keypad Blitz II
pecheneg
Multiple Oscar Actors
pecheneg
Mystery Phrase Blitz: Oscar 'Best Actors'
pecheneg
F. Scott Fitzgerald Novels
LTH
Pick 3 Villains
ddd62291
Trending Topics
NBA
Crossword
Anime
Disney
Kpop
Harry Potter
Marvel
Pokémon
WWE
Country
The Office
Puzzle
Soccer
Song
NFL
Your Account Isn't Verified!
In order to create a playlist on Sporcle, you need to verify the email address you used during registration. Go to your
Sporcle Settings
to finish the process.
Report this User
Report this user for behavior that violates our
Community Guidelines
.
Details:
Send Report
Go to the Sporcle.com Mobile Site →
Comments